000
00296nam a2200121Ia 4500
008
240624s9999 xx 000 0 und d
041
_a
eng
082
_a
823 SHA
100
_a
SANGHVI SIDDHARTH DHANVANT
245
_a
LOST FLAMINGOES OF BOMBAY
260
_c
2009
_a
Gurgaon
_b
Penguin
365
_c
RS
999
_c
31393
_d
31393